| 000 | 00498nam a2200157Ia 4500 | ||
|---|---|---|---|
| 008 | 210716s2003 xx 000 0 und d | ||
| 020 | _a0070499527 | ||
| 041 | _aeng | ||
| 082 | _a658.1511 KHAM | ||
| 100 | _aKhan, M Y;Jain, P K. | ||
| 245 |
_aManagement accounting and financial analysis: for CA final examination. _bFor CA final examination. |
||
| 250 | _a1 | ||
| 260 |
_aNew Delhi _bTata McGraw Hill Publishing Company Ltd _c2003 |
||
| 300 | _axii,22.25,I14 | ||
| 650 | _aManagement Accounting | ||
| 999 |
_c197452 _d197452 |
||